<?xml version="1.0" encoding="UTF-8"?>
<record
    xmlns:xsi="http://www.w3.org/2001/XMLSchema-instance"
    xsi:schemaLocation="http://www.loc.gov/MARC21/slim http://www.loc.gov/standards/marcxml/schema/MARC21slim.xsd"
    xmlns="http://www.loc.gov/MARC21/slim">

  <leader>04721nam a2200385 a 4500</leader>
  <controlfield tag="003">CHAP</controlfield>
  <controlfield tag="005">20230906102450.0</controlfield>
  <controlfield tag="007">ta</controlfield>
  <controlfield tag="008">230712s2021    mx ado|fom||| 001 0 spa d</controlfield>
  <datafield tag="040" ind1=" " ind2=" ">
    <subfield code="e">rda</subfield>
  </datafield>
  <datafield tag="100" ind1="1" ind2=" ">
    <subfield code="9">187587</subfield>
    <subfield code="a">Bonnet, Kassandra</subfield>
  </datafield>
  <datafield tag="240" ind1="1" ind2="0">
    <subfield code="a">Physicochemical, biological and tecnofunctional characterization of huitlacoche protein isolate (Ustilago maydis DC CORDA).</subfield>
    <subfield code="l">Espa&#xF1;ol</subfield>
  </datafield>
  <datafield tag="245" ind1="1" ind2="0">
    <subfield code="a">Caracterizaci&#xF3;n fisicoqu&#xED;mica y funcional del aislado de prote&#xED;na del huitlacoche (Ustilago maydis D.C. CORDA) / </subfield>
    <subfield code="c">Kassandra Bonnet</subfield>
  </datafield>
  <datafield tag="264" ind1=" " ind2=" ">
    <subfield code="a">Chapingo, M&#xE9;xico :</subfield>
    <subfield code="b">El autor,</subfield>
    <subfield code="c">2021</subfield>
  </datafield>
  <datafield tag="300" ind1=" " ind2=" ">
    <subfield code="a">1 recurso en l&#xED;nea (en varias paginaciones) : </subfield>
    <subfield code="b">ilustraciones, gr&#xE1;ficas, tablas, fotos</subfield>
  </datafield>
  <datafield tag="336" ind1=" " ind2=" ">
    <subfield code="2">rdacontent</subfield>
    <subfield code="a">texto</subfield>
    <subfield code="b">txt</subfield>
  </datafield>
  <datafield tag="337" ind1=" " ind2=" ">
    <subfield code="2">rdamedia</subfield>
    <subfield code="a">computadora</subfield>
    <subfield code="b">c</subfield>
  </datafield>
  <datafield tag="338" ind1=" " ind2=" ">
    <subfield code="2">rdacarrier</subfield>
    <subfield code="a">recurso en l&#xED;nea</subfield>
    <subfield code="b">cr</subfield>
  </datafield>
  <datafield tag="502" ind1=" " ind2=" ">
    <subfield code="a">Tesis </subfield>
    <subfield code="b">MCTA</subfield>
    <subfield code="c">Agroindustrias</subfield>
    <subfield code="d">2021</subfield>
    <subfield code="g">MAE</subfield>
  </datafield>
  <datafield tag="504" ind1=" " ind2=" ">
    <subfield code="a">Incluye referencias bibliogr&#xE1;ficas</subfield>
  </datafield>
  <datafield tag="520" ind1="3" ind2=" ">
    <subfield code="a">Se aisl&#xF3; prote&#xED;na de huitlacoche para su caracterizaci&#xF3;n fisicoqu&#xED;mica, biol&#xF3;gica y tecnofuncional. El aislado de prote&#xED;na de huitlacoche (APH) se obtuvo mediante una extracci&#xF3;n a pH 10, seguida de precipitaci&#xF3;n a pH 3.5 y estuvo formado por prote&#xED;nas en un rango de peso molecular entre 15 &#x2013; 41 kDa. Aislados de prote&#xED;na de huitlacoche crudo (APH), cocido (APHc) y frito (APHf) se sometieron a un proceso de digesti&#xF3;n in vitro y se evalu&#xF3; su digestibilidad relativa, los contenidos de compuestos fen&#xF3;licos totales (CFT) y flavonoides totales (FT), as&#xED; como el potencial antioxidante empleando los radicales libres DPPH y ABTS. El APHf present&#xF3; una mayor digestibilidad (83.0 &#xB1; 0.2 %) en comparaci&#xF3;n con el APH (70.67 &#xB1; 0.79 %) y el APHc (75.23 &#xB1; 0.16 %). La actividad de captaci&#xF3;n de los radicales DPPH y ABTS estuvo relacionada con el contenido de CFT y FT. La actividad antioxidante y el contenido de CFT y FT fueron afectados negativamente por el tratamiento t&#xE9;rmico (cocci&#xF3;n y fritura) y positivamente por la hidr&#xF3;lisis enzim&#xE1;tica por las enzimas digestivas. La prote&#xED;na de huitlacoche fue rica en amino&#xE1;cidos esenciales y en cuanto a amino&#xE1;cidos no esenciales, se destacaron la alanina, &#xE1;cido glut&#xE1;mico y &#xE1;cido asp&#xE1;rtico que fueron predominantes y que propician propiedades tecnofuncionales importantes. El APH demostr&#xF3; una elevada capacidad de retenci&#xF3;n de agua, as&#xED; como una capacidad y estabilidad de formaci&#xF3;n de espuma prometedora para su uso como ingrediente en matrices alimenticias. Los resultados demostraron el potencial nutrac&#xE9;utico y tecnofuncional del APH.</subfield>
  </datafield>
  <datafield tag="520" ind1="3" ind2=" ">
    <subfield code="a">Huitlacoche protein was isolated for its physicochemical, biological and technofunctional characterization. Huitlacoche protein isolate (APH) was obtained by a protein extraction at pH 10, followed by a precipitation at pH 3.5, and it was made up of proteins in a molecular weight range of 15 &#x2013; 41 kDa. Huitlacoche protein isolates from raw (APH), cooked (APHc) and fried (APHf) huitlacoche were subjected to an in vitro digestion process and the relative digestibility, total phenolic (CFT) and flavonoids (FT) content, as well as the antioxidant properties using the free DPPH and ABTS radicals were evaluated. APHf showed higher digestibility (83.0 &#xB1; 0.2 %) compared to APH (70.67 &#xB1; 0.79 %) and APHc (75.23 &#xB1; 0.16 %). DPPH and ABTS radical scavenging activity was directly related to CFT and FT content. The antioxidant activity and CFT and FT content were all affected negatively by heat treatment (cooking and frying) and positively by enzymatic hydrolysis by digestive enzymes. Huitlacoche protein was rich in essential amino acids, and some no essential amino acids as alanine, glutamic acid and aspartic acid were predominant and provided important technofunctional properties. APH showed a high-water holding capacity, as well as a foaming capacity and stability promising for use as an ingredient in food matrices. The results demonstrated the nutraceutical and technofunctional potential of APH.</subfield>
  </datafield>
  <datafield tag="650" ind1="1" ind2="3">
    <subfield code="9">156258</subfield>
    <subfield code="a">Ustilago zeae  </subfield>
  </datafield>
  <datafield tag="650" ind1="1" ind2="3">
    <subfield code="9">156258</subfield>
    <subfield code="a">Ustilago zeae  </subfield>
    <subfield code="x">Propiedades fisicoqu&#xED;micas</subfield>
  </datafield>
  <datafield tag="650" ind1="1" ind2="3">
    <subfield code="9">156258</subfield>
    <subfield code="a">Ustilago zeae  </subfield>
    <subfield code="x">Aislado de prote&#xED;nas</subfield>
  </datafield>
  <datafield tag="650" ind1="1" ind2="3">
    <subfield code="9">156258</subfield>
    <subfield code="a">Ustilago zeae  </subfield>
    <subfield code="x">Prote&#xED;nas f&#xFA;ngicas</subfield>
  </datafield>
  <datafield tag="650" ind1="1" ind2="3">
    <subfield code="9">156258</subfield>
    <subfield code="a">Ustilago zeae  </subfield>
    <subfield code="x">Physicochemical properties</subfield>
  </datafield>
  <datafield tag="650" ind1="1" ind2="3">
    <subfield code="9">156258</subfield>
    <subfield code="a">Ustilago zeae  </subfield>
    <subfield code="x">Protein isolates</subfield>
  </datafield>
  <datafield tag="650" ind1="1" ind2="3">
    <subfield code="9">156258</subfield>
    <subfield code="a">Ustilago zeae  </subfield>
    <subfield code="x">Fungal proteins</subfield>
  </datafield>
  <datafield tag="700" ind1="1" ind2=" ">
    <subfield code="9">151494</subfield>
    <subfield code="a">Lobato Calleros, Consuelo Silvia Olivia</subfield>
    <subfield code="e">directora</subfield>
  </datafield>
  <datafield tag="700" ind1="1" ind2=" ">
    <subfield code="9">161439</subfield>
    <subfield code="a">Hern&#xE1;ndez Rodr&#xED;guez, Blanca Elizabeth</subfield>
    <subfield code="e">asesora</subfield>
  </datafield>
  <datafield tag="700" ind1="1" ind2=" ">
    <subfield code="9">54548</subfield>
    <subfield code="a">Hern&#xE1;ndez Rodr&#xED;guez, Landy</subfield>
    <subfield code="e">asesora</subfield>
  </datafield>
  <datafield tag="856" ind1="4" ind2="2">
    <subfield code="y">DESCARGAR PDF</subfield>
    <subfield code="u">http://10.13.5.2/tesis/tm/1912733-5_KASSANDRA_BONNET.pdf</subfield>
  </datafield>
  <datafield tag="942" ind1=" " ind2=" ">
    <subfield code="c">TD</subfield>
  </datafield>
  <datafield tag="999" ind1=" " ind2=" ">
    <subfield code="c">219035</subfield>
    <subfield code="d">219035</subfield>
  </datafield>
  <datafield tag="952" ind1=" " ind2=" ">
    <subfield code="0">0</subfield>
    <subfield code="1">0</subfield>
    <subfield code="2">local</subfield>
    <subfield code="4">0</subfield>
    <subfield code="7">0</subfield>
    <subfield code="8">TesDigM</subfield>
    <subfield code="a">IA_</subfield>
    <subfield code="b">IA_</subfield>
    <subfield code="c">E_L</subfield>
    <subfield code="d">2023-07-12</subfield>
    <subfield code="e">El autor</subfield>
    <subfield code="l">0</subfield>
    <subfield code="p">1201013732</subfield>
    <subfield code="r">2023-07-12 00:00:00</subfield>
    <subfield code="w">2023-07-12</subfield>
    <subfield code="y">TD</subfield>
  </datafield>
  <datafield tag="952" ind1=" " ind2=" ">
    <subfield code="0">0</subfield>
    <subfield code="1">0</subfield>
    <subfield code="2">local</subfield>
    <subfield code="4">0</subfield>
    <subfield code="7">0</subfield>
    <subfield code="8">TesDigM</subfield>
    <subfield code="a">BD</subfield>
    <subfield code="b">BD</subfield>
    <subfield code="c">E_L</subfield>
    <subfield code="d">2024-02-06</subfield>
    <subfield code="l">0</subfield>
    <subfield code="o">Tesis digital</subfield>
    <subfield code="p">1301013732</subfield>
    <subfield code="r">2024-02-06 00:00:00</subfield>
    <subfield code="w">2024-02-06</subfield>
    <subfield code="y">TD</subfield>
  </datafield>
</record>
